[Event "Madrid-ch Previa-A"]
[Site "Madrid"]
[Date "2022.03.15"]
[Round "5"]
[White "Del Olmo Linares, Marco"]
[Black "Cujba, Anca Claudia"]
[Result "0-1"]
[WhiteElo "1477"]
[BlackElo "1657"]
[PlyCount "112"]
[EventDate "2022.03.07"]
[EventType "swiss"]
[EventRounds "9"]
[EventCountry "ESP"]
[SourceTitle "EXT 2023"]
[Source "ChessBase"]
[SourceDate "2022.10.05"]
[SourceVersion "1"]
[SourceVersionDate "2022.10.05"]
[SourceQuality "1"]

1. b3 c5 2. Bb2 Nc6 3. e4 d6 4. Nf3 Bg4 5. Bc4 e6 6. Nc3 a6 7. a4 Nd4 8. Be2 Nxe2 9. Nxe2 Nf6 10. Ng3 d5 11. h3 Bxf3 12. Qxf3 d4 13. 0-0 Bd6 14. Rae1 Be5 15. Qd3 Qc7 16. Bc1 h5 17. Ne2 g5 18. g3 h4 19. f4 gxf4 20. gxf4 Rg8+ 21. Kh1 Nd7 22. Qf3 Bd6 23. e5 Be7 24. Ng1 0-0-0 25. Ne2 Nb6 26. d3 Nd5 27. Rg1 Nb4 28. Ba3 Nxc2 29. Rxg8 Rxg8 30. Rc1 Nxa3 31. Qf2 Qc6+ 32. Kh2 Qd5 33. Nxd4 Kb8 34. Ne2 Qxb3 35. Nc3 Rg3 36. Ne4 Rxd3 37. Qf1 Qb2+ 38. Kh1 Rxh3+ 39. Qxh3 Qxc1+ 40. Kg2 Qc2+ 41. Nf2 Qxa4 42. Qd3 Qc6+ 43. Kf1 Qb5 44. Qxb5 Nxb5 45. Ke2 Kc7 46. Ng4 h3 47. Kf1 c4 48. Nh6 c3 49. Nf5 exf5 50. Ke2 a5 51. Kd3 h2 52. Kc4 h1Q 53. e6 Qc6+ 54. Kd3 Qd5+ 55. Ke3 Qxe6+ 56. Kd3 Qe4# 0-1

[Event "Collado Villalba 64 op 4th"]
[Site "Collado Villalba"]
[Date "2016.07.23"]
[Round "8"]
[White "Del Olmo Linares, Marco"]
[Black "Benito Alba, Eladio"]
[Result "0-1"]
[WhiteElo "1570"]
[BlackElo "1599"]
[PlyCount "55"]
[EventDate "2016.07.17"]
[EventType "swiss"]
[EventRounds "9"]
[EventCountry "ESP"]
[SourceTitle "EXT 2017"]
[Source "ChessBase"]
[SourceDate "2016.10.25"]
[SourceVersion "1"]
[SourceVersionDate "2016.10.25"]
[SourceQuality "1"]

1. e4 c6 2. d4 d5 3. e5 Bf5 4. Nc3 e6 5. Nf3 Nd7 6. Bd3 Bxd3 7. Qxd3 Ne7 8. 0-0 c5 9. Nb5 Nc6 10. Re1 a6 11. Bg5 Qb6 12. dxc5 Nxc5 13. Nd6+ Bxd6 14. Qa3 Be7 15. Be3 Qb4 16. Bxc5 Bxc5 17. Qd3 Qb6 18. Re2 Nd4 19. Nxd4 Bxd4 20. c3 Bc5 21. b4 Be7 22. Rd1 Rc8 23. Re4 Qc7 24. Re3 Qc4 25. Qc2 0-0 26. Rd4 Qxd4 27. Rh3 Qe4 28. Qd2 0-1

[Event "Villalba op 3rd"]
[Site "Villalba"]
[Date "2015.08.14"]
[Round "6"]
[White "Garcia Castineira, Ivan"]
[Black "Del Olmo Linares, Marco"]
[Result "0-1"]
[WhiteElo "1688"]
[BlackElo "1409"]
[PlyCount "58"]
[EventDate "2015.08.09"]
[EventType "swiss"]
[EventRounds "9"]
[EventCountry "ESP"]
[SourceTitle "EXT 2024"]
[Source "ChessBase"]
[SourceDate "2023.10.10"]
[SourceVersion "1"]
[SourceVersionDate "2023.10.10"]
[SourceQuality "1"]

1. d4 e5 2. d5 c6 3. c4 d6 4. e4 Nf6 5. Nc3 Be7 6. Be2 0-0 7. Nf3 Bg4 8. h3 Bh5 9. 0-0 Nbd7 10. b4 c5 11. b5 Bg6 12. Nd2 Nb6 13. a4 a5 14. bxa6 bxa6 15. f3 Nh5 16. Kh2 Bh4 17. g4 Nf4 18. Nb3 Qg5 19. Rg1 Bf2 20. Rg2 Qh4 21. Bxf4 exf4 22. Qh1 Nd7 23. Ra2 Ne5 24. Nd1 Bg3+ 25. Kg1 Rab8 26. Nd2 Rb4 27. Nf2 Rfb8 28. Nd3 Rb1+ 29. Nf1 Rxf1+ 0-1